00313nam a2200121Ia 4500008004100000041000800041082001700049100001900066245003500085250001400120260002700134300003000161240624s9999 xx 000 0 und d aeng a658.4012 GRA aGRANT ROBERT M aCONTEMPORARY STRATEGY ANALYSIS a(7th ed.) c2014aNew DelhibWiley axv, : 499 : p. : cm. ; 23